000 00609nam a2200217 i 4500
001 47532
003 ES-MaACL
005 20240614063019.0
007 t|
008 030430s1966 sp ||||1| spa d
080 _a821.134.2-32"19"
100 1 _aAub, Max,
_d1903-1972
_923783
245 1 0 _aYo vivo /
_cMax Aub.
260 _aBarcelona :
_bAmelia Romero,
_c[1966]
300 _a66 p. ;
_c21 cm.
490 1 _aEl Bardo (Batlló, José) ;
_v21
830 0 _aEl Bardo (Batlló, José) ;
_v21
_9235922
852 _aES-MaACL
_jG-523
_bR.132475
_949325
942 _2ddc
999 _c47532
_d47532